Politics : (Record no. 3351)

MARC details
000 -LEADER
fixed length control field 00535nam a2200193 4500
003 - CONTROL NUMBER IDENTIFIER
control field OSt
005 - DATE AND TIME OF LATEST TRANSACTION
control field 20160330185522.0
008 - FIXED-LENGTH DATA ELEMENTS--GENERAL INFORMATION
fixed length control field 160330b xxu||||| |||| 00| 0 eng d
020 ## - INTERNATIONAL STANDARD BOOK NUMBER
International Standard Book Number 1551111497
040 ## - CATALOGING SOURCE
Transcribing agency 040a
082 ## - DEWEY DECIMAL CLASSIFICATION NUMBER
Classification number 320
Item number JOH 1997
100 ## - MAIN ENTRY--PERSONAL NAME
Personal name Johnston, Larry
9 (RLIN) 7498
245 ## - TITLE STATEMENT
Title Politics :
Remainder of title an introduction to the modern democratic state /
Statement of responsibility, etc. Larry Johnston
260 ## - PUBLICATION, DISTRIBUTION, ETC. (IMPRINT)
Place of publication, distribution, etc. Ontario
Name of publisher, distributor, etc. Broadview Press
Date of publication, distribution, etc. 1997
300 ## - PHYSICAL DESCRIPTION
Extent v, 491p;
Other physical details ill :
Dimensions 14 cm
504 ## - BIBLIOGRAPHY, ETC. NOTE
Bibliography, etc Includes index
650 ## - SUBJECT ADDED ENTRY--TOPICAL TERM
Topical term or geographic name as entry element Politics
9 (RLIN) 5723
942 ## - ADDED ENTRY ELEMENTS (KOHA)
Source of classification or shelving scheme Dewey Decimal Classification
Koha item type Short Loan
Holdings
Withdrawn status Lost status Source of classification or shelving scheme Damaged status Not for loan Home library Current library Date acquired Inventory number Total Checkouts Full call number Barcode Date last seen Price effective from Koha item type
    Dewey Decimal Classification     MUST Main Library MUST Main Library 30/03/2016 2003/20148   320 JOH 1997 2016-0557 30/03/2016 30/03/2016 Short Loan